|
|
|
|
| LEADER |
00000nam0a2200000 4500 |
| 001 |
272971 |
| 005 |
20231101234603.0 |
| 020 |
|
|
|a RU
|b 87-45915
|
| 035 |
|
|
|a (RuTPU)RU\TPU\book\296180
|
| 090 |
|
|
|a 272971
|
| 100 |
|
|
|a 20141022d1987 k y0rusy5003 ca
|
| 101 |
0 |
|
|a rus
|
| 102 |
|
|
|a RU
|
| 105 |
|
|
|a a z 001zy
|
| 200 |
1 |
|
|a Эффективность использования отходов в условиях интенсификации производства
|f А. Д. Выварец
|
| 210 |
|
|
|a Свердловск
|c Изд-во Уральского ун-та
|d 1987
|
| 215 |
|
|
|a 191 с.
|c ил.
|d 20 см
|
| 320 |
|
|
|a Библиогр.: с. 182-191 (167 назв.)
|
| 606 |
1 |
|
|a Промышленные отходы
|x Использование комплексное
|2 stltpush
|3 (RuTPU)RU\TPU\subj\52544
|9 70956
|
| 610 |
1 |
|
|a общественное производство
|
| 610 |
1 |
|
|a социалистическое производство
|
| 610 |
1 |
|
|a интенсификация
|
| 610 |
1 |
|
|a уровень
|
| 610 |
1 |
|
|a измерение
|
| 610 |
1 |
|
|a тяжелая промышленность
|
| 610 |
1 |
|
|a Урал
|
| 610 |
1 |
|
|a производственные отходы
|
| 610 |
1 |
|
|a применение
|
| 610 |
1 |
|
|a хозяйственный механизм
|
| 610 |
1 |
|
|a хозяйственный оборот
|
| 610 |
1 |
|
|a неиспользуемые отходы
|
| 610 |
1 |
|
|a вовлечение
|
| 610 |
1 |
|
|a эффективность
|
| 675 |
|
|
|a 658.567.1
|z rus
|v 3
|
| 700 |
|
1 |
|a Выварец
|b А. Д.
|g Александр Дмитриевич
|4 070
|
| 801 |
|
0 |
|a RU
|b RuMRKP
|c 19950417
|g psbo
|
| 801 |
|
1 |
|a RU
|b 63413507
|c 20141022
|
| 801 |
|
2 |
|a RU
|b 63413507
|c 20170320
|g RCR
|
| 942 |
|
|
|c BK
|